| 000 | 00000nam##2200000za#4500 |
| 001 | 9.612584 |
| 003 | CaOODSP |
| 005 | 20200327125016 |
| 007 | ta |
| 008 | 150406|1995||||xxc||||| f|0| 0 eng|d |
| 022 | |a0706-6457 |
| 040 | |aCaOODSP|beng |
| 043 | |an-cn--- |
| 086 | 1 |aFs97-6/2042E |
| 110 | 1 |aCanada. |bDepartment of Fisheries and Oceans. |
| 245 | 14|aThe 1954-1993 Newfoundland cod-tagging database : |bstatistical summaries and spatial-temporal distributions / |cby C. T. Taggart et al. |
| 260 | |aOttawa - Ontario : |bFisheries and Oceans Canada |c1995. |
| 300 | |avi, 458p. : |bfigs., graphs, references, tables ; |c28 cm. |
| 490 | 1 |aCanadian technical report of fisheries and aquatic sciences|x0706-6457|v2042 |
| 500 | |aPrepared at the Science Branch, Canada Department of Fisheries and Oceans, Northwest Atlantic Fisheries Centre, P.O. Box 5667, St. John's, Newfoundland A1C 5X1. |
| 546 | |aRésumés en français |
| 563 | |aRing binding |
| 590 | |a95-39|b1995-09-29 |
| 690 | 07|aFisheries|2gcpds |
| 720 | 1 |aTaggart, C. T. |
| 776 | 0#|tThe 1954-1993 Newfoundland cod-tagging database : |w(CaOODSP)9.574037 |
| 830 | #0|aCanadian technical report of fisheries and aquatic sciences,|x0706-6457|v2042|w(CaOODSP)9.514691 |